Personnel Management and Industrial Relations / (Record no. 617369)

000 -LEADER
fixed length control field 00412nam a22001457a 4500
020 ## - INTERNATIONAL STANDARD BOOK NUMBER
Qualifying information HB.
040 ## - CATALOGING SOURCE
Transcribing agency FIZZA ISHAQ
082 ## - DEWEY DECIMAL CLASSIFICATION NUMBER
Classification number 658.309
Author Mark YOD
100 ## - MAIN ENTRY--PERSONAL NAME
Personal name Yoder, Dale.
9 (RLIN) 134390
245 ## - TITLE STATEMENT
Title Personnel Management and Industrial Relations /
Statement of responsibility, etc. Dale Yoder.
250 ## - EDITION STATEMENT
Edition statement 5th edition.
260 ## - PUBLICATION, DISTRIBUTION, ETC.
Place of publication, distribution, etc. New York :
Name of publisher, distributor, etc. Prentice-Hall,
Date of publication, distribution, etc. 1938.
300 ## - PHYSICAL DESCRIPTION
Extent 665 P. ; : illustrations, charts ;
Dimensions 23 cm
942 ## - ADDED ENTRY ELEMENTS (KOHA)
Source of classification or shelving scheme
Koha item type Book
Holdings
Withdrawn status Lost status Source of classification or shelving scheme Damaged status Not for loan Permanent Location Current Location Shelving location Date acquired Total Checkouts Full call number Barcode Date last seen Price effective from Koha item type
          NUST Baluchistan Campus (NBC) NUST Baluchistan Campus (NBC) General Stacks 05/09/2026   658.309 YOD QD-241 05/09/2026 05/09/2026 Book
© 2023 Central Library, National University of Sciences and Technology. All Rights Reserved.